Gemer-Malohont ... zborník Gemersko-malohontského múzea v Rimavskej Sobote

Bibliographic Details
Other Authors: Bodorová, Oľga, 1952- (Compiler), Pulišová, Ľudmila (Compiler), Kerényi, Éva (Compiler)
Format: Serial
Language:Slovak
PhysicalDescription:zv. obr., sch. 24 cm
Published: Rimavská Sobota Gemersko-malohontské múzeum 2005-
ISBN:8085134195 (brož. : I/2005)
8085134225 (brož. : II/2006)
9788085134247 (brož. : roč. 3/2007)
9788085134278 (brož. : roč. 4/2008)
9788085134292 (brož. : roč. 5/2009)
9788085134346 (brož. : roč. 6-7/2011)
9788085134391 (brož. : roč. 8-9/2013)
9788085134414 (brož. : roč. 10/2014)
9788085134438 (brož. : roč. 11/2015)
9788085134476 (brož. : roč. 12/2016)
9788085134490 (brož. : roč. 13/2017)
9788085134537 (brož. : roč. 14/2018)
9788085134575 (brož. : roč. 15/2019)
9788085134612 (brož. : roč. 16/2020)
9788085134650 (brož. : roč. 17/2021)
9788085134681 (brož. : roč. 18/2022)
9788085134735 (brož. : roč. 19/2023)
9788085134759 (brož. : roč. 20/2024)
9788085134797 (brož. : roč. 21/2025)
Subjects:

MARC

LEADER 00000cas a2200000 a 4500
001 vtls008836810
005 20260429093058.0
008 100607c20059999xo ar 0 b0slo
015 |a SNB2007/03-01198 (I/2005)  |a SNB2007/03-01260 (II/2006)  |a SNB2008/03-01173 (III/2007)  |a SNB2009/03-01052 (IV/2008)  |a SNB2010/02-01373 (V/2009)  |a SNB2012/03-00613 (6-7/2011)  |a SNB2014-(8-9/2013)  |a SNB2015-(10/2014)  |a SNB2016-(11/2015)  |a SNB2017-(12/2016)  |a SNB2018-(13/2017)  |a SNB2019-(14/2018)  |a SNB2020-(15/2019)  |a SNB2021-(16/2020)  |a SNB2022-(17/2021)  |a SNB2023-(18/2022)  |a SNB2024-(19/2023)  |a SNB2025-(20/2024)  |a SNB2026-(21/2025) 
020 |a 8085134195 (brož. : I/2005) 
020 |a 8085134225 (brož. : II/2006) 
020 |a 9788085134247 (brož. : roč. 3/2007)  |z 8085134233 
020 |a 9788085134278 (brož. : roč. 4/2008) 
020 |a 9788085134292 (brož. : roč. 5/2009) 
020 |a 9788085134346 (brož. : roč. 6-7/2011) 
020 |a 9788085134391 (brož. : roč. 8-9/2013) 
020 |a 9788085134414 (brož. : roč. 10/2014) 
020 |a 9788085134438 (brož. : roč. 11/2015) 
020 |a 9788085134476 (brož. : roč. 12/2016) 
020 |a 9788085134490 (brož. : roč. 13/2017) 
020 |a 9788085134537 (brož. : roč. 14/2018) 
020 |a 9788085134575 (brož. : roč. 15/2019) 
020 |a 9788085134612 (brož. : roč. 16/2020) 
020 |a 9788085134650 (brož. : roč. 17/2021) 
020 |a 9788085134681 (brož. : roč. 18/2022) 
020 |a 9788085134735 (brož. : roč. 19/2023) 
020 |a 9788085134759 (brož. : roč. 20/2024) 
020 |a 9788085134797 (brož. : roč. 21/2025) 
040 |a SVKPO  |b slo  |c SVKPO  |d SNK  |d SAVUK  |d SVKBB  |e AACR2 
041 0 |a slo  |b hun  |b eng 
043 |a e-xo--- 
044 |a xo  |c SK 
072 7 |a 908  |x Štúdium oblastí a lokalít všeobecne  |2 konspekt 
072 7 |a 069  |x Múzeá. Muzeológia. Múzejníctvo. Výstavy  |2 konspekt 
080 |a 908(437.6)  |2 2001 
080 |a 069.5  |2 2011 
080 |a (062.552)  |2 2011 
080 |a (437.6)  |2 2011 
245 0 0 |a Gemer-Malohont ...  |b zborník Gemersko-malohontského múzea v Rimavskej Sobote 
246 3 3 |a Zborník Gemersko-malohontského múzea v Rimavskej Sobote Gemer-Malohont ... 
246 1 3 |a Zborník Gemersko-malohontského múzea Gemer-Malohont ... 
246 1 1 |a Gömör-Kishont  |b a Gömör-Kishonti Múzeum évkönyve 
260 |a Rimavská Sobota  |b Gemersko-malohontské múzeum  |c 2005- 
300 |a zv.  |b obr., sch.  |c 24 cm 
310 |a 1x ročne 
362 0 |a [Roč.] I (2005)- 
500 |a Zost.: I (2005)-17 (2021), Oľga Bodorová ; 18 (2022)-19 (2023), Ľudmila Pulišová ; 19 (2023)-21 (2025), Éva Kerényi 
500 |a Súčasťou názvu je označenie ročníka 
500 |a Roč. 3 (2007) venovaný 125. výročiu založenia Gemersko-malohontského múzea 
500 |a Roč. 18 (2022) venovaný 140. výročiu založenia múzea 
504 |a Bibliografia ; bibliogr. odkazy ; pozn. ; adresár autorov 
546 |a Maďarské a anglické resumé 
610 2 7 |a Gemersko-malohontské múzeum  |2 SNKKA  |9 234770 
650 0 7 |a múzejné zbierky  |2 SNKPH  |9 69988 
650 0 7 |a Museum collections  |2 SNKPHeng  |9 265953 
651 7 |a Gemer (Slovensko : región)  |2 SNKPHgeo  |9 173411 
651 7 |a Malohont (Gemer, Slovensko : región)  |2 SNKPHgeo  |9 172288 
651 7 |a Gemer (Slovakia : region)  |2 SNKPHeng  |9 164928 
651 7 |a Malohont (Gemer, Slovakia : region)  |2 SNKPHeng  |9 267983 
655 7 |a zborníky  |2 SNKPH  |9 70165 
655 7 |a Papers of several authors  |2 SNKPHeng  |9 153738 
700 1 |a Bodorová, Oľga,  |d 1952-  |4 com  |9 252264 
700 1 |a Pulišová, Ľudmila  |4 com  |9 267984 
700 1 |a Kerényi, Éva  |4 com  |9 155980 
916 |a 1/2005-11/2015, 12/2016, 13/2017, 14/2018, 15/2019, 16/2020, 17/2021 
919 |a 80-85134-19-5 
919 |a 80-85134-22-5 
919 |a 80-85134-23-3 
919 |a 978-80-85134-27-8 
919 |a 978-80-85134-29-2 
919 |a 978-80-85134-34-6 
919 |a 978-80-85134-39-1 
919 |a 978-80-85134-41-4 
919 |a 978-80-85134-43-8 
919 |a 978-80-85134-47-6 
919 |a 978-80-85134-49-0 
919 |a 978-80-85134-53-7 
919 |a 978-80-85134-57-5 
919 |a 978-80-85134-61-2 
919 |a 978-80-85134-65-0 
919 |a 978-80-85134-68-1 
919 |a 978-80-85134-73-5 
919 |a 978-80-85134-75-9 
919 |a 978-80-85134-79-7 
958 |a NB 
999 |c 4328  |d 6258 
952 |a SNK  |b SNK  |y PREZ  |7 0  |p 17A0661050  |o snkČSC 3416/5/2009  |i snk2010/12570  |8 0  |f 1  |0 0  |1 0  |4 0  |d 2010-06-08  |l 0  |r 2026-02-21 19:43:22  |w 2026-02-21 
952 |a SNK  |b SNK  |y PREZ  |7 0  |p 17A0661051  |o snkČSC 3416/5/2009 D1  |i snk2010/12571  |8 0  |0 0  |1 0  |4 0  |d 2010-06-08  |l 0  |r 2026-02-21 19:43:22  |w 2026-02-21 
952 |a SNK  |b SNK  |y PREZ  |7 0  |p 17A1145307  |o snkČSC 3416/10/2014  |i snk2015/24770  |8 0  |f 1  |0 0  |1 0  |4 0  |d 2015-08-19  |l 0  |r 2026-02-21 19:46:15  |w 2026-02-21 
952 |a SNK  |b SNK  |y PREZ  |7 0  |p 17A1145306  |o snkČSC 3416/10/2014 D1  |i snk2015/24782  |8 0  |0 0  |1 0  |4 0  |d 2015-08-19  |l 0  |r 2026-02-21 19:46:15  |w 2026-02-21 
952 |a SNK  |b SNK  |y PREZ  |7 0  |p 17A1522258  |o snkČSC 3416/19/2023  |i snk2024/1866  |8 0  |0 0  |1 0  |4 0  |d 2024-02-01  |l 0  |r 2026-02-21 19:50:20  |w 2026-02-21 
952 |a SNK  |b SNK  |y PREZ  |7 0  |p 17A1522259  |o snkČSC 3416/19/2023 D1  |i snk2024/1867  |8 0  |0 0  |1 0  |4 0  |d 2024-02-01  |l 0  |r 2026-02-21 19:50:20  |w 2026-02-21 
952 |a SNK  |b SNK  |y PREZ  |7 0  |p 17A1556086  |o snkČSC 3416/20/2024  |i snk2025/8439  |8 0  |0 0  |1 0  |4 0  |d 2025-05-26  |l 0  |r 2026-02-21 19:51:40  |w 2026-02-21 
952 |a SNK  |b SNK  |y PREZ  |7 0  |p 17A1556087  |o snkČSC 3416/20/2024 D1  |i snk2025/8441  |8 0  |0 0  |1 0  |4 0  |d 2025-05-26  |l 0  |r 2026-02-21 19:51:40  |w 2026-02-21 
952 |a SNK  |b SNK  |y PREZ  |7 0  |p 17A1433551  |o snkČSC 3416/16/2020  |i snk2021/4322  |8 0  |f 1  |0 0  |1 0  |4 0  |d 2021-05-12  |l 0  |r 2026-02-21 19:59:17  |w 2026-02-21 
952 |a SNK  |b SNK  |y PREZ  |7 0  |p 17A1433552  |o snkČSC 3416/16/2020 D1  |i snk2021/4323  |8 0  |0 0  |1 0  |4 0  |d 2021-05-12  |l 0  |r 2026-02-21 19:59:18  |w 2026-02-21 
952 |a SNK  |b SNK  |y PREZ  |7 0  |p 17A1462275  |o snkČSC 3416/17/2021  |i snk2022/6930  |8 0  |f 1  |0 0  |1 0  |4 0  |d 2022-05-06  |l 0  |r 2026-02-21 20:03:10  |w 2026-02-21 
952 |a SNK  |b SNK  |y PREZ  |7 0  |p 17A1462276  |o snkČSC 3416/17/2021 D1  |i snk2022/6932  |8 0  |0 0  |1 0  |4 0  |d 2022-05-06  |l 0  |r 2026-02-21 20:03:11  |w 2026-02-21 
952 |a SNK  |b SNK  |y PREZ  |7 0  |p 17A1460500  |o snkČSC 3416/18/2022  |i snk2023/2213  |8 0  |z Venované 140. výročiu založenia múzea  |0 0  |1 0  |4 0  |d 2023-02-06  |l 0  |r 2026-02-21 20:03:23  |w 2026-02-21 
952 |a SNK  |b SNK  |y PREZ  |7 0  |p 17A1460501  |o snkČSC 3416/18/2022 D1  |i snk2023/2215  |8 0  |z Venované 140. výročiu založenia múzea  |0 0  |1 0  |4 0  |d 2023-02-06  |l 0  |r 2026-02-21 20:03:23  |w 2026-02-21 
952 |a SNK  |b SNK  |y PREZ  |7 0  |p 17A0556668  |o snkČSC 3416/2/2006 D1  |i snk2007/20466  |8 0  |z chýba str. 81-90  |0 0  |1 0  |4 0  |d 2007-09-13  |l 0  |r 2026-02-21 20:20:55  |w 2026-02-21 
952 |a SNK  |b SNK  |y PREZ  |7 0  |p 17A0556669  |o snkČSC 3416/2/2006  |i snk2007/20467  |8 0  |f 1  |0 0  |1 0  |4 0  |d 2007-09-13  |l 0  |r 2026-02-21 20:20:55  |w 2026-02-21 
952 |a SNK  |b SNK  |y PREZ  |7 0  |p 17A0506323  |o snkČSC 3416/1/2005  |i snk2007/9670  |8 0  |f 1  |0 0  |1 0  |4 0  |d 2007-04-10  |l 0  |r 2026-02-21 20:38:39  |w 2026-02-21 
952 |a SNK  |b SNK  |y PREZ  |7 0  |p 17A0506324  |o snkČSC 3416/1/2005 D1  |i snk2007/9672  |8 0  |0 0  |1 0  |4 0  |d 2007-04-10  |l 0  |r 2026-02-21 20:38:39  |w 2026-02-21 
952 |a SNK  |b SNK  |y PREZ  |7 0  |p 17A1324810  |o snkČSC 3416/13/2017  |i snk2018/6915  |8 0  |f 1  |0 0  |1 0  |4 0  |d 2018-03-21  |l 0  |r 2026-02-21 20:43:05  |w 2026-02-21 
952 |a SNK  |b SNK  |y PREZ  |7 0  |p 17A1324811  |o snkČSC 3416/13/2017 D1  |i snk2018/6916  |8 0  |0 0  |1 0  |4 0  |d 2018-03-21  |l 0  |r 2026-02-21 20:43:05  |w 2026-02-21 
952 |a SNK  |b SNK  |y PREZ  |7 0  |p 17A1030403  |o snkČSC 3416/6-7/2011  |i snk2012/11368  |8 0  |f 1  |0 0  |1 0  |4 0  |d 2012-06-11  |l 0  |r 2026-02-21 21:01:56  |w 2026-02-21 
952 |a SNK  |b SNK  |y PREZ  |7 0  |p 17A1030404  |o snkČSC 3416/6-7/2011 D1  |i snk2012/11369  |8 0  |0 0  |1 0  |4 0  |d 2012-06-11  |l 0  |r 2026-02-21 21:01:56  |w 2026-02-21 
952 |a SNK  |b SNK  |y PREZ  |7 0  |p 17A1045838  |o snkČSC 3416/8-9/2013  |i snk2014/11898  |8 0  |f 1  |0 0  |1 0  |4 0  |d 2014-05-21  |l 0  |r 2026-02-21 21:03:36  |w 2026-02-21 
952 |a SNK  |b SNK  |y PREZ  |7 0  |p 17A1045839  |o snkČSC 3416/8-9/2013 D1  |i snk2014/11899  |8 0  |0 0  |1 0  |4 0  |d 2014-05-21  |l 0  |r 2026-02-21 21:03:36  |w 2026-02-21 
952 |a SNK  |b SNK  |y PREZ  |7 0  |p 17A0582471  |o snkČSC 3416/3/2007  |i snk2008/14447  |8 0  |f 1  |0 0  |1 0  |4 0  |d 2008-07-22  |l 0  |r 2026-02-21 21:30:00  |w 2026-02-21 
952 |a SNK  |b SNK  |y PREZ  |7 0  |p 17A0582472  |o snkČSC 3416/3/2007 D1  |i snk2008/14448  |8 0  |0 0  |1 0  |4 0  |d 2008-07-22  |l 0  |r 2026-02-21 21:30:00  |w 2026-02-21 
952 |a SNK  |b SNK  |y PREZ  |7 0  |p 17A0609539  |o snkČSC 3416/4/2008  |i snk2009/12224  |8 0  |f 1  |0 0  |1 0  |4 0  |d 2009-07-01  |l 0  |r 2026-02-21 21:41:17  |w 2026-02-21 
952 |a SNK  |b SNK  |y PREZ  |7 0  |p 17A0609540  |o snkČSC 3416/4/2008 D1  |i snk2009/12226  |8 0  |0 0  |1 0  |4 0  |d 2009-07-01  |l 0  |r 2026-02-21 21:41:17  |w 2026-02-21 
952 |a SNK  |b SNK  |y PREZ  |7 0  |p 17A1366771  |o snkČSC 3416/14/2018  |i snk2019/14490  |8 0  |f 1  |0 0  |1 0  |4 0  |d 2019-05-27  |l 0  |r 2026-02-21 22:07:16  |w 2026-02-21 
952 |a SNK  |b SNK  |y PREZ  |7 0  |p 17A1366777  |o snkČSC 3416/14/2018 D1  |i snk2019/14491  |8 0  |0 0  |1 0  |4 0  |d 2019-05-27  |l 0  |r 2026-02-21 22:07:16  |w 2026-02-21 
952 |a SNK  |b SNK  |y PREZ  |7 0  |p 17A1098731  |o snkČSC 3416/11/2015  |i snk2016/8523  |8 0  |f 1  |0 0  |1 0  |4 0  |d 2016-04-01  |l 0  |r 2026-02-21 22:09:19  |w 2026-02-21 
952 |a SNK  |b SNK  |y PREZ  |7 0  |p 17A1098732  |o snkČSC 3416/11/2015 D1  |i snk2016/8526  |8 0  |0 0  |1 0  |4 0  |d 2016-04-01  |l 0  |r 2026-02-21 22:09:19  |w 2026-02-21 
952 |a SNK  |b SNK  |y PREZ  |7 0  |p 17A1431970  |o snkČSC 3416/15/2019  |i snk2020/15468  |8 0  |f 1  |0 0  |1 0  |4 0  |d 2020-09-04  |l 0  |r 2026-02-21 22:15:52  |w 2026-02-21 
952 |a SNK  |b SNK  |y PREZ  |7 0  |p 17A1431971  |o snkČSC 3416/15/2019 D1  |i snk2020/15471  |8 0  |0 0  |1 0  |4 0  |d 2020-09-04  |l 0  |r 2026-02-21 22:15:52  |w 2026-02-21 
952 |a SNK  |b SNK  |y PREZ  |7 0  |p 17A1206324  |o snkČSC 3416/12/2016  |i snk2017/13242  |8 0  |f 1  |0 0  |1 0  |4 0  |d 2017-06-06  |l 0  |r 2026-02-21 22:17:59  |w 2026-02-21 
952 |a SNK  |b SNK  |y PREZ  |7 0  |p 17A1206325  |o snkČSC 3416/12/2016 D1  |i snk2017/13245  |8 0  |0 0  |1 0  |4 0  |d 2017-06-06  |l 0  |r 2026-02-21 22:17:59  |w 2026-02-21 
952 |t 1  |a SNK  |b SNK  |y NEVYP  |7 1  |p 17A1559583  |o snkČSC 3416/21/2025  |i snk2026/6266  |8 0  |0 0  |1 0  |2 udc  |4 0  |d 2026-04-29  |l 0  |r 2026-04-29 07:49:37  |w 2026-04-29 
952 |t 2  |a SNK  |b SNK  |y NEVYP  |7 1  |p 17A1559584  |o snkČSC 3416/21/2025 D1  |i snk2026/6267  |8 0  |0 0  |1 0  |2 udc  |4 0  |d 2026-04-29  |l 0  |r 2026-04-29 07:51:23  |w 2026-04-29